000 00684nam a2200217 a 4500
001 000026889
003 DO-SdBNP
005 20250206123232.0
007 ta
008 110328s1989 dr ac r 000 0 spa d
040 _aDO-SdBNP
_bspa
_cBNPHU
082 _axxxx
_bG861d
100 1 _aGrimaldi, Víctor,
_d1949-
_91699
245 1 3 _aEl diario secreto de la intervención norteamericana de 1965 :
_bcon un apéndice de nuevos documentos sobre El golpe de 1963 /
_cVíctor Grimaldi.
250 _a2a ed.
260 _aSanto Domingo :
_bAmigo del Hogar,
_c1989.
300 _a329 p. :
_bil., retr. ;
_c24 cm.
590 _aInventariado, 2019/VM
910 _aVMateo
942 _2ddc
_cLBS1
999 _c26381
_d26381